000 00741nam a2200229 i 4500
001 8920
003 ES-MaACL
005 20250806062158.0
007 t|
008 921112s1989 sp ||||1| spa d
020 _a84-404-5766-9
080 _a616-079.4:617.721
080 _a617.721:616-079.4
100 1 _aVerdú, Francisco T.
_9114046
245 1 0 _aIridología práctica
_b: astroiridología : estudio de 22 casos prácticos en color /
_cFrancisco T. Verdú.
260 _aValencia :
_bel autor,
_cD.L. 1989.
300 _a142, [10] p., 6 h. de lám. :
_bil. ;
_c24 cm.
650 1 7 _aMedicina natural
_2embne
_914931
650 1 4 _aIridología.
_913899
852 _aES-MaACL
_jL-16308
_bR.117904
999 _c8920
_d8920